书目信息 |
| 题名: |
硫化锌发光体的结构
|
|
| 作者: | 里耳 , 奥特曼 著 ;许少鸿 译 | |
| 分册: | ||
| 出版信息: | 北京 科学出版社 1965 |
|
| 页数: | 56页 | |
| 开本: | 20cm | |
| 丛书名: | ||
| 单 册: | ||
| 中图分类: | TQ125 | |
| 科图分类: | ||
| 主题词: | ⅥA族元素:非金属元素--生产 , ⅥA族化合物:无机化合物--生产 | |
| 电子资源: | ||
| ISBN: | ||
| 000 | 00789nam0 2200253 450 | |
| 001 | 0652830283 | |
| 005 | 20060306144334.68 | |
| 010 | @dCNY0.36 | |
| 091 | @a13031.2221 | |
| 100 | @a20060306d1965 km y0chiy0120 ea | |
| 101 | 0 | @achi |
| 102 | @aCN@b110000 | |
| 102 | @aCN@b110000 | |
| 200 | 1 | @a硫化锌发光体的结构@Aliu hua xin fa guang ti de jie gou@f(民主德国)N·里耳,H·奥特曼著@F(min zhu de guo)N·li er,H·ao te man zhu@g许少鸿译@Gxu shao hong yi |
| 210 | @a北京@c科学出版社@d1965 | |
| 215 | 1 | @a56页@d20cm |
| 606 | 0 | @aⅥA族元素:非金属元素@x生产 |
| 606 | 0 | @aⅥA族化合物:无机化合物@x生产 |
| 690 | @aTQ125@v4 | |
| 701 | 0 | @a里耳@Ali er@4著 |
| 701 | 0 | @a奥特曼@Aao te man@4著 |
| 702 | 0 | @a许少鸿@Axu shao hong@4译 |
| 801 | 0 | @aCN@bPFT@c20060306 |
| 905 | @a10447@dTQ125@e1 | |
| 硫化锌发光体的结构/(民主德国)N·里耳,H·奥特曼著/许少鸿译.-北京:科学出版社,1965 |
| 56页;20cm |
| ISBN :CNY0.36 |
| ● |
| 相关链接 |
|
|
|
|
正题名:硫化锌发光体的结构
索取号:TQ125/1
 
预约/预借
| 序号 | 登录号 | 条形码 | 馆藏地/架位号 | 状态 | 备注 |
| 1 | 0002347 | 202196701 | 密集书库/ [索取号:TQ125/1] | 在馆 |